| 000 | 00380nam a2200169Ia 4500 | ||
|---|---|---|---|
| 005 | 20250423095613.0 | ||
| 008 | 250422s9999 xx 000 0 und d | ||
| 020 | _a0- 7607- 1625- 0 | ||
| 050 | _aE 468 .A54/ | ||
| 100 | _aAnders, Curt | ||
| 245 | 0 | _aHearts in conflict | |
| 260 | _aNew York | ||
| 260 | _bBarnes & Noble | ||
| 260 | _c1994 | ||
| 300 | _a642 p | ||
| 942 | _cBK | ||
| 999 |
_c30772 _d30772 |
||